000 00484nam a2200169Ia 4500
003 GCL
005 20240530110323.0
008 140319s9999 xx 000 0 ara d
040 _aGCL /
_cGCL
082 0 4 _a929.962
_bم/م ا
100 1 _aمصطفى نجيب
245 1 0 _aاعلام مصر فى القرن العشرين /
_cمصطفى نجيب
300 _a516 ص ؛
_c28 سم
650 0 4 _aالتراجم
650 0 4 _aمصر - تراجم - موسوعات
942 _2ddc
_cREF
999 _c59694
_d59694